Palynology

محفوظ في:

التنسيق: دورية

اللغة: Undetermined

منشور في: JSTOR
Taylor & Francis, Ltd.

الموضوعات:

الوصول للمادة أونلاين: Login to view Source

الوسوم: إضافة وسم

لا توجد وسوم, كن أول من يضع وسما على هذه التسجيلة!

رقم الطلب:

LEADER 00526nas a2200181Ia 4500
008 220214c99999999xx |||||||||||| ||und||
022 |a 0191-6122 
022 |a 1558-9188 
245 0 0 |a Palynology 
264 1 |b JSTOR 
264 1 |b Taylor & Francis, Ltd. 
362 0 |a Vol. 1(1977)-39 (2015) 
653 1 0 |a Paleontology 
653 1 0 |a Science & Mathematics 
856 4 0 |u https://www.jstor.org/journal/palynology 
942 |c JL 
952 |0 0  |1 0  |4 0  |7 1  |9 36562  |a JSR  |b JSR  |d 2022-02-14  |l 0  |r 2022-02-14 00:00:00  |w 2022-02-14  |y JL 
999 |c 44894  |d 44894